Every DC Comics Character (worth knowing) - Statistics

General Stats
  • This quiz has been taken 8,863 times
    8,583 since last reset
  • The average score is 150 of 471
Answer Stats
first appearance Answer % Correct
Batman:Sword of Azrael #1 Azrael (Jean-Paul Valley)
99%
Detective Comics #27 Batman (Bruce Wayne)
99%
Batman Beyond #1 Batman (Terry McGinnis)
99%
Detective Comics #27 James Gordon
99%
Detective Comics #38 Nightwing (Dick Grayson)
99%
Detective Comics #33 Thomas Wayne
99%
Action Comics #1 Superman (Clark Kent)
98%
Justice League (vol. 1) #73 Superman (Kal-L)
97%
The Flash #110 Flash (Wally West)
95%
Batman #1 Joker
95%
The Flash #92 Kid Flash (Bart Allen)
95%
Detective Comics #647 Spoiler (Stephanie Brown)
95%
Wonder Woman (vol. 2) #90 Artemis
94%
Wonder Woman #115 Donna Troy
94%
Showcase #4 Flash (Barry Allen)
94%
Flash Comics #1 Flash (Jay Garrick)
94%
All-Star Comics #8 Hippolyta
94%
Detective Comics #357 Red Hood (Jason Todd)
94%
Showcase #22 Green Lantern (Hal Jordan)
93%
Detective Comics #33 Martha Wayne
93%
Green Lantern #7 Sinestro
93%
All-Star Comics #8 Wonder Woman (Diana Prince)
93%
Showcase #22 Abin Sur
92%
Tales of the Green Lantern Corps #1 Arisia Rrab
92%
Green Lantern Annual #1 Boodikka
92%
Green Lantern #9 Chaselon
92%
Green Lantern Special #1 Ganthet
92%
All-Star Comics #1 Green Lantern (Alan Scott)
92%
Green Lantern #59 Green Lantern (Guy Gardner)
92%
Green Lantern #87 Green Lantern (John Stewart)
92%
Green Lantern #42 Green Lantern (Kyle Rayner)
92%
The New 52 FCBD Special Edition #1 Green Lantern (Simon Baz)
92%
Green Lantern #127 Green Man
92%
Green Lantern #49 Hannu
92%
Green Lantern Corps: Recharge #1 Isamot Kol
92%
All-Star Squadron #25 Jade (Jennie-Lynn Hayden)
92%
Green Lantern (vol. 2) #30 Katma Tui
92%
Tales of the Green Lantern Corps #1 Kilowog
92%
Green Lantern (vol. 2) #188 Mogo
92%
Batman #436 Red Robin (Tim Drake)
92%
Batman: Son of the Demon #1 Robin (Damian Wayne)
92%
Green Lantern #149 Salaak
92%
Green Lantern Corps: Recharge #1 Soranik Natu
92%
Green Lantern #11 Stel
92%
Green Lantern #6 Tomar Re
92%
Green Lantern #5 Tomar Tu
92%
More Fun Comics #73 Aquaman (Arthur Curry)
87%
DC Comics Presents #26 Cyborg (Victor Stone)
85%
The Huntress #1 Huntress (Helena Bertinelli)
84%
Green Arrow (vol. 2) #0 Green Arrow (Connor Hawke)
83%
More Fun Comics #73 Green Arrow (Oliver Queen)
82%
Detective Comics #359 Batgirl (Barbara Gordon)
81%
The Batman Adventures #12 Harley Quinn (Harleen Quinzel)
81%
Action Comics #252 Supergirl (Kara Zor-El)
81%
Supergirl (vol. 4) #1 Supergirl (Linda Danvers)
81%
Superman (vol.2) #16 Supergirl (Matrix)
81%
Superman #4 Lex Luthor
80%
Batman #567 Black Bat (Cassandra Cain)
79%
Batman #139 Hawkfire (Bette Kane)
79%
Doom Patrol #99 Beast Boy (Garfield Logan)
78%
Batman #404 Catwoman (Holly Robinson)
78%
Batman #1 Catwoman (Selina Kyle)
78%
Showcase #75 Hawk (Hank Hall)
78%
Adventures of Superman #501 Superboy (Kon-El)
78%
DC Comics Presents #26 Raven (Rachel Roth)
77%
Thrill Comics #1 Captain Marvel (Billy Batson)
75%
Detective Comics #58 Penguin (Oswald Cobblepot)
75%
Action Comics #1 Lois Lane
74%
DC Comics Presents #26 Starfire (Koriand'r)
74%
The New Teen Titans #2 Deathstroke (Slade Wilson)
72%
Super Friends #25 Fire (Beatriz DaCosta)
72%
Batman #181 Poison Ivy (Pamela Isley)
72%
Detective Comics #140 Riddler (Edward Nigma)
72%
Infinite Crisis #3 Blue Beetle (Jaime Reyes)
71%
Captain Atom #83 Blue Beetle (Ted Kord)
71%
Whiz Comics #2 Shazam
71%
Batman #16 Alfred Pennyworth
70%
Batman #489 Bane
70%
Flash Comics #1 Hawkman (Carter Hall)
70%
The Brave and the Bold #34 Hawkman (Katar Hol)
70%
The Brave and the Bold #34 Hawkwoman (Shayera Hol)
70%
Detective Comics #225 Martian Manhunter (J'onn J'onzz)
70%
All-Star Comics #1 Atom (Al Pratt)
69%
Showcase #34 Atom (Ray Palmer)
69%
Flash Comics #86 Black Canary (Dinah Laurel Lance)
68%
The Flash (vol. 1) #139 Professor Zoom (Eobard Thawne)
68%
Superman's Pal, Jimmy Olsen #134 Darkseid
67%
Flash Comics #1 Hawkgirl (Kendra Saunders/Shiera Hall)
66%
Detective Comics #66 Two-Face (Harvey Dent)
66%
Blackhawk #117 Mister Freeze (Victor Fries)
65%
Firestorm #1 Firestorm (Jason Rusch)
64%
Firestorm, The Nuclear Man #1 Firestorm (Martin Stein)
64%
Firestorm, The Nuclear Man #1 Firestorm (Ronnie Raymond)
64%
Batman #59 Deadshot (Floyd Lawton)
62%
52 #7 Batwoman (Kate Kane)
61%
Detective Comics #233 Batwoman (Kathy Kane)
61%
Batman #232 Ra's al Ghul
59%
World's Finest Comics #3 Scarecrow (Jonathan Crane)
59%
Booster Gold #1 Booster Gold (Michael Jon Carter)
58%
Showcase #8 Captain Cold (Leonard Snart)
58%
Action Comics #6 Jimmy Olsen
58%
More Fun Comics #73 Arsenal (Roy Harper)
57%
Detective Comics #523 Killer Croc (Waylon Jones)
57%
Swamp Thing #1 Swamp Thing (Alec Holland)
57%
Hawkman #4 Zatanna Zatara
56%
The Marvel Family #1 Black Adam
55%
Adventure Comics #269 Tempest (Garth)
55%
Teen Titans #25 Lilith Clay
54%
Doom Patrol #86 Brain
53%
Wonder Woman (vol. 2) #7 Cheetah (Barbara Minerva)
53%
Detective Comics #411 Talia al Ghul
53%
Aquaman #35 Black Manta
51%
Thunderbolt #53 Captain Atom (Nathaniel Adams)
51%
Adventure Comics #283 General Zod
51%
The Saga of the Swamp Thing #37 John Constantine
51%
All-Star Squadron #25 Doctor Fate (Hector Hall)
49%
More Fun Comics #55 Doctor Fate (Kent Nelson)
49%
More Fun Comics #55 Inza Nelson
49%
Superman #7 Perry White
49%
Superman #167 Vril Dox II
49%
Action Comics #242 Brainiac (Vril Dox)
48%
Detective Comics #40 Clayface (Basil Karlo)
48%
The Flash #106 Gorilla Grodd
48%
DC Superstars #17 Huntress (Helena Wayne)
48%
Green Lantern (vol. 4) #25 Atrocitus
47%
Mister Miracle #1 Mister Miracle (Scott Free)
47%
Wonder Woman #105 Wonder Girl (Cassandra Sandsmark)
47%
Superman: The Man of Steel #17 Doomsday
46%
Adventure Comics #210 Krypto
46%
Police Comics #1 Plastic Man (Patrick O'Brian)
46%
Sarge Steel (vol. 1) #1 Sarge Steel
46%
Wonder Woman #1 Ares
45%
Aquaman #11 Mera
44%
Steel (vol. 2) #1 Natasha Irons
44%
Superman: The Man of Steel Annual #2 Steel (John Henry Irons)
44%
Crisis on Infinite Earths #2 Anti-Monitor
42%
Flash #117 Captain Boomerang (Digger Harkness)
42%
Amazing World of DC Comics #11 Dove (Dawn Granger)
40%
Superman's Pal, Jimmy Olsen #36 Lucy Lane
40%
Detective Comics #400 Man-Bat (Kirk Langstrom)
40%
Captain Marvel Adventures #18 Mary Marvel (Mary Batson)
40%
DCU Heroes Secret Files #1 Stargirl (Courtney Whitmore)
40%
Superboy #68 Bizarro
39%
The Fury of Firestorm #21 Killer Frost (Louise Lincoln)
39%
Justice League International #12 Ice (Tora Olafsdotter)
38%
Superboy #3 King Shark (Nanaue)
37%
All-American Comics #3 Ma Hunkel
37%
Superman #1 Martha Kent
37%
Justice League of America #64 Red Tornado (John Smith)
37%
Detective Comics #742 Spectre (Crispus Allen)
37%
More Fun Comics #52 Spectre (Jim Corrigan)
37%
Strange Adventures #180 Animal Man (Buddy Baker)
36%
DC Comics Presents #27 Mongul
36%
Green Lantern (vol. 3) #50 Parallax
36%
Batman #475 Question (Renee Montoya)
36%
All-American Comics #61 Solomon Grundy (Cyrus Gold)
36%
Legends #1 Amanda Waller
35%
Showcase #4 Iris West
35%
All-Star Comics #58 Power Girl (Karen Starr)
35%
Green Arrow (vol. 3) #2 Speedy (Mia Dearden)
35%
Final Crisis: Rage of the Red Lanterns #1 Bleez
34%
Whiz Comics #25 Captain Marvel Jr. (Freddy Freeman)
34%
Justice League of America #29 Superwoman
34%
Fem Fantastique #1 Big Barda (Barda Free)
33%
Detective Comics #593 Jeremiah Arkham
33%
The Comic Reader #139 Black Lightning (Jefferson Pierce)
32%
Superman #1 Jonathan Kent
32%
Teen Titans (vol. 3) #37 Miss Martian (M'gann M'orzz)
32%
Blue Beetle #1 Question (Vic Sage)
32%
The Flash #112 Elongated Man (Ralph Dibny)
31%
Blackhawk #133 Lady Blackhawk (Zinda Blake)
31%
Batman #49 Mad Hatter (Jervis Tetch)
31%
Aquaman #29 Ocean Master (Orm Marius)
31%
Fightin' 5 #40 Peacemaker (Christopher Smith)
31%
Ragman #1 Ragman (Rory Regan)
31%
Real Fact Comics #6 Tommy Tomorrow
31%
The New Teen Titans #6 Trigon
31%
Batman #386 Black Mask (Roman Sionis)
30%
Military Comics #1 Chop-Chop
30%
Military Comics #1 Chuck Wilson
30%
Military Comics #1 Hans Henrickson
30%
Detective Comics #36 Hugo Strange
30%
Kamandi, The Last Boy on Earth #1 Kamandi
30%
The Omega Men #3 Lobo
30%
Military Comics #1 Olaf Friedriksen
30%
Batman #405 Sarah Essen
30%
Military Comics #1 Stanislaus Drozdowski
30%
New Teen Titans #26 Terra (Tara Markov)
30%
Military Comics #1 Andre Blanc-Dumont
29%
Green Lantern #10 Arkillo
29%
Military Comics #1 Blackhawk (Janos Prohaska)
29%
The Demon #1 Etrigan (Jason Blood)
29%
The Flash #140 Heat Wave (Mick Rory)
29%
DC Sampler #1 Katana (Tatsu Yamashiro)
29%
Animal Man #8 Mirror Master (Evan McCulloch)
29%
The Flash #105 Mirror Master (Sam Scudder)
29%
Green Lantern #25 Saint Walker
29%
Showcase #22 Star Sapphire (Carol Ferris)
29%
Action Comics #521 Vixen (Mari Jiwe McCabe)
29%
Batman #609 Hush (Tommy Elliot)
28%
The New Gods #1 Orion
28%
The Phantom Stranger #1 Phantom Stranger
28%
Batman #92 Ace the Bat-Hound
27%
All-American Comics #25 Doctor Mid-Nite (Charles McNider)
27%
Doctor Mid-Nite #1 Doctor Mid-Nite (Pieter Cross)
27%
Detective Comics #184 Firefly (Garfield Lynns)
27%
The Spectre #54 Mister Terrific (Michael Holt)
27%
Sensation Comics #1 Wildcat (Ted Grant)
27%
All-Star Squadron #25 Atom-Smasher (Al Rothstein)
26%
Strange Adventures #205 Deadman (Boston Brand)
26%
Mister Miralce (vo. 1) #2 Granny Goodness
26%
Action Comics #252 Metallo (John Corben)
26%
Justice Leauge of America #29 Owlman
26%
Green Lantern #29 Black Hand (William Hand)
24%
Action Comics #1 Giovanni Zatara
24%
My Greatest Adventure #80 Robotman (Cliff Steele)
24%
Star-Spangled Comics #7 Robotman (Robert Crane)
24%
Adventure Comics #69 Sandman (Sandy Hawkins)
24%
G.I. Combat #68 Sergeant Frank Rock
24%
Adventure Comics #282 Starman (Thom Kallor)
24%
Justice League of America (vol. 1) #29 Ultraman
24%
Green Lantern #10 Vandal Savage
24%
Showcase #37 Gold
23%
More Fun Comics #101 Jor-El
23%
Richard Dragon, Kung Fu Fighter #5 Lady Shiva (Sandra Woosan)
23%
Superboy #10 Lana Lang
23%
Adventure Comics #247 Lightning Lad (Garth Ranzz)
23%
Smash Comics #13 Ray (Happy Terrill)
23%
The Ray #1 Ray (Ray Terrill)
23%
All-Star Comics #8 Steve Trevor
23%
Action Comics #252 Zor-El
23%
Teen Titans #45 Bumblebee (Karen Beecher)
22%
Detective Comics #311 Catman (Thomas Blake)
22%
Strange Adventures #187 Enchantress (June Moone)
22%
Batman #63 Killer Moth (Drury Walker)
22%
The Brave and the Bold #57 Metamorpho (Rex Mason)
22%
Adventure Comics #40 Sandman (Wesley Dodds)
22%
Zero-Hour: Crisis in Time #1 Starman (Jack Knight)
22%
Adventure Comics #61 Starman (Ted Knight)
22%
Brave and the Bold #28 Starro
22%
DC Sampler #2 Vibe (Cisco Ramon)
22%
Wonder Woman #9 Giganta (Doris Zuel)
21%
JLA Secret Files and Origins #1 Hourman (Matthew Tyler)
21%
Adventure Comics #48 Hourman (Rex Tyler)
21%
Infinity Inc. #20 Hourman (Rick Tyler)
21%
Kobra #1 Kobra (Jeffrey Burr)
21%
Firestorm (vol. 2) #58 Parasite (Rudy Jones)
21%
Showcase #17 Adam Strange
20%
Detective Comics #441 Harvey Bullock
20%
Adventure Comics #308 Lightning Lass (Ayla Ranzz)
20%
The Flash #110 Weather Wizard (Mark Mardon)
20%
Adventures of Superman #466 Cyborg Superman (Hank Henshaw)
19%
My Greatest Adventure #80 Elasti-Girl (Rita Farr)
19%
Flash Comics #1 Johnny Thunder
19%
Batman #307 Lucius Fox
19%
Manhunter #1 Manhunter (Kate Spencer)
19%
My Greatest Adventure #80 Negative Man (Larry Trainor)
19%
Damage #1 Damage (Grant Emerson)
18%
The Adventures of Rex the Wonder Dog #4 Detective Chimp
18%
Justice League of America #12 Doctor Light (Arthur Light)
18%
Crisis on Infinite Earths #4 Doctor Light (Kimiyo Hoshi)
18%
All-Star Western #10 Jonah Hex
18%
Adventure Comics #247 Saturn Girl (Imra Ardeen)
18%
Action Comics #64 Toyman (Winslow Schott)
18%
Batman: Shadow of the Bat #1 Victor Zsasz
18%
New Teen Titans Annual #2 Vigilante (Adrian Chase)
18%
Action Comics #42 Vigilante (Greg Saunders)
18%
Adventure Comics #247 Brainiac 5 (Querl Dox)
17%
Wonder Woman (vol. 1) #37 Circe
17%
Forever People #2 Desaad
17%
Captain Atom #1 General (Wade Eiling)
17%
Star-Spangled Kid #7 Guardian (Jim Harper)
17%
Flash (vol. 1) #113 Trickster (James Jesse)
17%
Aquaman #33 Aquagirl (Tula)
16%
Richard Dragon, Kung Fu Fighter #1 Bronze Tiger (Ben Turner)
16%
Showcase #37 Iron
16%
Justice League of America (vol. 1) #29 Johnny Quick
16%
More Fun Comics #71 Johnny Quick (Johnny Chambers)
16%
Justice League #1 Maxwell Lord
16%
Flash Comics #1 Thunderbolt
16%
1st Issue Special #8 Warlord (Travis Morgan)
16%
The Brave and the Bold #30 Amazo
15%
Superman's Girlfriend, Lois Lane #13 General Sam Lane
15%
Adventure Comics #247 Cosmic Boy (Rokk Krinn)
14%
Mystery Men Comics #2 Hercules
14%
Superman #30 Mister Mxyzptlk
14%
Sensation Comics #1 Mister Terrific (Terry Sloane)
14%
Deathstroke #15 Ravager (Rose Wilson)
14%
Showcase #20 Rip Hunter
14%
Showcase #37 Tin
14%
Batman #49 Vicki Vale
14%
The Brave and the Bold #200 Geo-Force (Brion Markvo)
13%
The New Gods (vol. 1) #1 Highfather
13%
Justice Society of America (vol.2) #1 Jesse Quick (Jesse Chambers)
13%
The New Gods #1 Kalibak
13%
Flash (vol. 2) #28 Linda Park
13%
Superboy #89 Mon-El (Lar Gand)
13%
Action Comics #40 Star-Spangled Kid (Sylvester Pemberton)
13%
Action Comics #40 S.T.R.I.P.E. (Pat Dugan)
13%
Detective Comics #583 Ventriloquist (Arnold Wesker)
13%
Fury of Firestorm #24 Blue Devil (Daniel Cassidy)
12%
New Teen Titans Annual #2 Cheshire (Jade Nguyen)
12%
My Greatest Adventure #80 Chief (Niles Caulder)
12%
Showcase #73 Creeper (Jack Ryder)
12%
Wonder Woman #5 Doctor Pyscho (Edgar Cizko)
12%
Tales of the Teen Titans #43 Jericho (Joseph Wilson)
12%
Justice League of America #29 Power Ring
12%
Whiz Comics #2 Thaddeus Sivana
12%
Action Comics #13 Ultra-Humanite (Gerard Shugel)
12%
Adventures of Superman #424 Cat Grant
11%
Kingdom Come #2 Cyclone (Maxine Hunkel)
11%
Detective Comics #33 Joe Chill
11%
Showcase #37 Mercury
11%
Showcase #37 Platinum
11%
Detective Comics #583 Scarface
11%
Detective Comics #135 Frankenstein
10%
The Brave and the Bold #200 Halo (Gabriella Doe)
10%
Adventure Comics #346 Karate Kid (Val Armorr)
10%
More Fun Comics #101 Lara Lor-Van
10%
Showcase #37 Lead
10%
Action Comics #276 Phantom Girl (Tinya Wazzo)
10%
Flash Comics #33 Shade (Richard Swift)
10%
Showcase #17 Alanna Strange
9%
Action Comics #276 Bouncing Boy (Chuck Taine)
9%
Justice League of America #1 Despero
9%
Superman #32 Eradicator
9%
Justice League of America #10 Felix Faust
9%
Showcase #34 Jean Loring
9%
The New Gods #1 Lightray (Solis)
9%
New Teen Titans #3 Mammoth (Baran Flinders)
9%
Doom Patrol #86 Monsieur Mallah
9%
All-Star Squadron #25 Obsidian (Todd Rice)
9%
The Flash (vol. 1) #106 Pied Piper (Hartley Rathaway)
9%
Detective Comics #345 Blockbuster (Mark Desmond)
8%
Action Comics #267 Chameleon Boy (Reep Daggle)
8%
World's Finest Comics #251 Count Vertigo (Werner Zytle)
8%
House of Secrets #61 Eclipso (Bruce Gordon)
8%
Justice League of America Annual #2 Gypsy (Cynthia Reynolds)
8%
The Demon #7 Klarion
8%
Doom Patrol #91 Mento (Steve Dayton)
8%
Action Comics #72 Merlin
8%
The New Gods (vol.1) #1 Metron
8%
Captain Marvel Adventures #22 Mister Mind
8%
Kamandi, The Last Boy on Earth #32 OMAC (Buddy Blank)
8%
Adventure Comics #66 Shining Knight (Sir Justin)
8%
Superboy #98 Ultra Boy (Jo Nah)
8%
House of Mystery #175 Cain
7%
Batman Family #6 Joker's Daughter (Duela Dent)
7%
Doorway to Nightmare #1 Madame Xanadu (Nimue Inwudu)
7%
Captain Atom (vol. 2) #82 Nightshade (Eve Eden)
7%
Showcase #56 Psycho Pirate (Roger Hayden)
7%
Justice League #3 Rocket Red (Dmitri Pushkin)
7%
The Flash #119 Sue Dibny
7%
National Comics #1 Uncle Sam
7%
Showcase #79 Dolphin
6%
Action Comics #276 Duplicate Girl (Luornu Durgo)
6%
The New Teen Titans Annual #2 Harbinger (Lyla Michaels)
6%
Green Lantern (vol. 2) #5 Hector Hammond
6%
Flash Comics #1 Joan Garrick
6%
Birds of Prey #100 Judomaster (Sonia Sato)
6%
Fury of Firestorm #24 Kid Devil (Eddie Bloomberg)
6%
Mister Miracle #6 Lashina
6%
Boy Commandos #1 Liberty Belle (Libby Lawrence)
6%
Action Comics #645 Maxima
6%
National Comics #5 Max Mercury
6%
The Demon (vol. 1) #1 Morgaine Le Fay
6%
The Fury of Firestorm #7 Plastique (Bette Sans Souci)
6%
Booster Gold #1 Skeets
6%
Invasion #2 Strata
6%
Action Comics #276 Sun Boy (Dirk Morgna)
6%
Adventure Comics #327 Timber Wolf (Brin Londo)
6%
The Flash #143 T.O. Morrow
6%
Superboy and the Legion of Super-Heroes #195 Wildfire (Drake Burroughs)
6%
The Flash #128 Abra Kadabra
5%
DC Sampler #1 Amethyst (Amy Winston)
5%
Detective Comics #463 Calculator (Noah Kuttler)
5%
Strange Adventures #9 Captain Comet (Adam Blake)
5%
Action Comics #267 Colossal Boy (Gim Allon)
5%
More Fun Comics #56 Congorilla (Congo Bill)
5%
Detective Comics #20 Crimson Avenger (Lee Travis)
5%
Justice League Europe #6 Crimson Fox (Constance D'Aramis)
5%
Justice League Europe #6 Crimson Fox (Vivian D'Aramis)
5%
Superboy and the Legion of Super-Heroes #226 Dawnstar
5%
Adventure Comics #317 Dream Girl (Nura Nal)
5%
Adventure Comics #307 Element Lad (Jan Arrah)
5%
Sensation Comics #2 Etta Candy
5%
The Fury of Firestorm #1 Firehawk (Lorraine Reilly)
5%
Wonder Woman #300 Fury (Hippolyta Trevor)
5%
Action Comics #267 Invisible Kid (Lyle Norg)
5%
Legion of Super-Heroes Annual #1 Jacques Foccart
5%
Detective Comics #457 Leslie Thompkins
5%
Adventure Comics #303 Matter-Eater Lad (Tenzil Kem)
5%
Superman Adventures #1 Mercy Graves
5%
Mister Miracle (vol. 1) #1 Oberon
5%
Superboy (vol. 1) #86 Pete Ross
5%
Police Comics #1 Phantom Lady (Sandra Knight)
5%
Adventure Comics #365 Shadow Lass (Tasmia Mallor)
5%
Action Comics #276 Shrinking Violet (Violet Digby)
5%
The Brave and the Bold #28 Snapper Carr
5%
Invasion #2 Stealth
5%
Superman #264 Steve Lombard
5%
Showcase #37 Will Magnus
5%
Teen Titans (vol. 2) #1 Argent (Toni Monetti)
4%
Superboy and the Legion of Super-Heroes #253 Blok
4%
The Atom #1 Floronic Man (Jason Woodrue)
4%
Outsiders #1 Grace Choi
4%
Batman #436 Jack Drake
4%
Detective Comics #392 Jason Bard
4%
Batman and the Outsiders #25 Looker (Emily Briggs)
4%
Superman (vol. 2) #4 Maggie Sawyer
4%
Superman's Pal, Jimmy Olsen #133 Morgan Edge
4%
Action Comics #51 Prankster (Oswald Loomis)
4%
The Brave and the Bold #36 Shadow-Thief (Carl Sands)
4%
Action Comics #261 Streaky
4%
Legionnaires #0 XS (Jenni Ognats)
4%
DC Special #4 Abel
3%
Showcase #6 Ace Morgan
3%
Adventures of Superman #428 Bibbo Bibbowski
3%
All-Star Squadron #24 Brainwave Jr. (Henry Roy, Jr.)
3%
The Atom #3 Chronos (David Clinton)
3%
Star-Spangled Comics #122 Doctor 13 (Terrence Thirteen)
3%
New Fun #6 Doctor Occult (Richard Occult)
3%
Adventures of Superman #424 Emil Hamilton
3%
Adventure Comics #346 Ferro Lad (Andrew Nolan)
3%
Green Lantern #40 Krona
3%
Superman #129 Lori Lemaris
3%
Green Lantern #43 Major Disaster (Paul Booker)
3%
Adventure Comics #369 Mordru
3%
The Brave and the Bold #73 Nuidis Vulko
3%
Adventure Comics #306 Polar Boy (Brek Bannin)
3%
Teen Titans #18 Red Star (Leonid Kovar)
3%
Adventure Comics #346 Sensor Girl (Princess Projectra)
3%
Detective Comics #1 Slam Bradley
3%
Green Lantern (vol. 2) #2 Tom Kalmaku
3%
Our Army at War #168 Unknown Soldier
3%
Adventure Comics #350 White Witch (Mysa Nal)
3%
JLA #6 Zauriel
3%
Action Comics #252 Alura In-Zee
2%
Warlord #48 Arak
2%
Warlord #55 Arion
2%
Our Army at War #105 Bulldozer (Horace Eustace Canfield)
2%
Detective Comics #64 Dan Turpin
2%
Our Army at War #151 Enemy Ace (Hans Von Hammer)
2%
Adventure Comics #289 Jax-Ur
2%
Danger Trail #1 King Faraday
2%
Crisis on Infinite Earths #4 Lady Quark (Tashana)
2%
Sgt. Rock's Prize Battle Tales #1 Little Sure Shot (Louis Kiyahani)
2%
Infinity, Inc. #16 Mister Bones (Robert Todd)
2%
The Brave and the Bold #166 Nemesis (Tom Tresser)
2%
Adventure Comics #306 Night Girl (Lydda Jath)
2%
Showcase #6 Prof Haley
2%
Showcase #6 Red Ryan
2%
Showcase #6 Rocky Davis
2%
Superman #25 Ron Troupe
2%
Green Lantern #141 Tigorr
2%
Star-Spangled Comics #69 Tomahawk
2%
Adventure Comics #229 Topo
2%
Batman #550 Cameron Chase
1%
All-American Comics #27 Doiby Dickles
1%
Superman's Pal, Jimmy Olsen #136 Dubbilex
1%
Legion of Super-Heroes #66 Gates (Ti'julk Mr'asz)
1%
All-Star Comics #8 General Phillip Darnell
1%
All-American Comics #1 Hop Harrigan
1%
Adventure Comics #352 Persuader (Nyeun Chun Ti)
1%
Wonder Woman #1 Phillipus
1%
Adventure Comics #350 R.J. Brande
1%
Showcase #17 Sardath
1%
Superboy and the Legion of Super-Heroes #241 Shvaughn Erin
1%
Legion of Super-Heroes #9 Tellus (Ganglios)
1%
More Fun Comics #71 Tubby Watts
1%
Adventure Comics #352 Validus (Garridan Ranzz)
1%
No matching quizzes found
Score Distribution
Percent of People with Each Score
Percentile by Number Answered
Your Score History
You have not taken this quiz since the last reset